| 000 | 01050nam a22003257a 4500 | ||
|---|---|---|---|
| 008 | 110819b2009 tu |||gr||||#||||0|tur | | ||
| 040 |
_aTR-BiSEU _btur _cTR-BiSEU _erda |
||
| 001 | 0031521 | ||
| 003 | KOHA_MİRAKIL | ||
| 005 | 20260207002803.0 | ||
| 007 | ta | ||
| 020 | _a9786053780540 | ||
| 041 | 0 | _atur | |
| 044 | _ctu | ||
| 050 |
_aHQ1236 _b.A23 2009 |
||
| 100 | 1 | _aAcar, Feride. | |
| 245 | 1 |
_aKadınların insan hakları ve toplumsal cinsiyet eşitliği/ _cFeride Acar ; Feride Acar, Hakkı Onur Arıner. |
|
| 264 | 1 |
_aAnkara : _bİçişleri Bakanlığı _c2009 |
|
| 300 |
_a117 s. ; _c28 cm. |
||
| 336 |
_ametin _btxt _2rdacontent |
||
| 337 |
_aaracısız _bn _2rdamedia |
||
| 338 |
_acilt _bnc _2rdacarrier |
||
| 490 | 1 |
_aİçişleri Bakanlığı ; _vgenel yayın no: 656 |
|
| 650 | 0 |
_aWomen's rights--Turkey. _916273 |
|
| 650 | 0 |
_aKadın hakları--Türkiye. _910333 |
|
| 650 | 0 |
_aHuman rights. _92926 |
|
| 650 | 0 |
_aİnsan hakları. _92925 |
|
| 830 | 1 |
_aİçişleri Bakanlığı ; _vgenel yayın no: 656 _935441 |
|
| 942 |
_2lcc _cBK |
||
| 999 |
_c31433 _d31433 |
||